Sports Quiz

Random Sports or Baseball Quiz
Score 0/40 Timer 10:00
27 Plays Today
% Correct
Celtics 4 - Rockets 2
91.9%
Bengals 21 - 49ers 26
91%
Bengals 16 - 49ers 20
90.3%
Celtics 4 - Rockets 2
89.5%
North Stars 1 - Islanders 4
88.9%
Canucks 0 - Islanders 4
88.1%
Patriots 10 - Bears 46
87.3%
Raiders 27 - Eagles 10
84.9%
Dolphins 16 - 49ers 38
84.5%
Broncos 10 - 49ers 55
84.5%
76ers 2 - Lakers 4
83.6%
76ers 2 - Lakers 4
83.5%
Oilers 4 - Flyers 1
83.2%
Red Sox 3 - Mets 4
81.9%
Oilers 4 - Flyers 3
81.2%
Broncos 20 - Giants 39
80.6%
Brewers 3 - Cardinals 4
80.1%
Tigers 4 - Padres 1
79.3%
Oilers 4 - Bruins 0
78.3%
Flyers 2 - Islanders 4
78.2%
% Correct
Broncos 10 - Redskins 42
75.8%
Dolphins 17 - Redskins 27
75.2%
Athletics 4 - Giants 0
74.2%
Pistons 4 - Lakers 0
72.7%
Oilers 4 - Islanders 1
72.3%
Celtics 2 - Lakers 4
71.7%
Flames 1 - Canadiens 4
71.5%
Celtics 2 - Lakers 4
68.6%
Twins 4 - Cardinals 3
67.3%
Royals 2 - Phillies 4
65.9%
Athletics 1 - Dodgers 4
65.4%
Royals 4 - Cardinals 3
64.7%
Celtics 4 - Lakers 3
64.3%
Raiders 38 - Redskins 9
64.2%
Pistons 3 - Lakers 4
63.6%
Orioles 4 - Phillies 1
62.8%
Oilers 0 - Islanders 4
62%
Yankees 2 - Dodgers 4
55.8%
76ers 4 - Lakers 0
51.9%
Flames 4 - Canadiens 2
46.7%

You're not logged in!

Compare scores with friends on all Sporcle quizzes.
OR
Log In

Sporcle TV

Today on Sporcle TV


Watch our educational content, quiz creation guides, and fun videos on Sporcle TV.

Show Comments

Extras

Top Quizzes Today


Score Distribution

Paid Content

Your Account Isn't Verified!

In order to create a playlist on Sporcle, you need to verify the email address you used during registration. Go to your Sporcle Settings to finish the process.

Report this User

Report this user for behavior that violates our Community Guidelines.

Details: